000 00497nam a2200181Ia 4500
005 20250508152920.0
008 008 250505s9999 xx 000 0 eng d
037 _aTextual
040 _aFEDL
_beng
_cFEDL
041 _aeng
_2eng
084 _a040, RAJ
_qFEDL
245 0 _aSpeeches of president Rajendra Prasad
260 _aDelhi, India
_bThe Publications Division
_c1957
300 _aix,317p.
365 _aINR
_b4.3
942 _cTEXL
_h040, RAJ
999 _c1339598
_d1339598